00384 a2200145 4500003000400000005001700004008004100021020001800062040000900080082001800089100002500107245006300132260003300195300001000228OSt20231229135921.0231229b |||||||| |||| 00| 0 eng d a9788120339156 coclc a621.56bARO/R1 aArora, R. C.,d1933- aRefrigeration and air conditioning /cRamesh Chandra Arora aDelhi:bPHI Learning,c2019. a1087p